000 00723nam a2200289Ia 4500
005 20260324124034.0
008 008 260324s9999 xx 000 0 eng d
020 _a9781003234821
037 _aEBOOK
040 _aCRL
040 _beng
040 _cCRL
041 _2eng
041 _aeng
084 _qCRL
100 _aKimberley Chandler; Tamra Stambaugh
_91172608
245 0 _aEffective Curriculum for Underserved Gifted Students
245 2 _bA CEC-TAG Educational Resource
260 _bTaylor and Francis
260 _c2011
365 _a
365 _b110
856 _uhttp://www.taylorfrancis.com/books/9781003234821
942 _cEBOOK
999 _c1766651
_d1766651